000 00763nam a22002657a 4500
001 BR7909312
003 BR-BrBNA
005 20230928090456.0
007 ta
008 230509b bl.||||| |||| 00| 0 por d
040 _aBR-BrBNA
_bpor
_cBiblioteca Nacional de Agricultura
041 _a(Por)
072 _aE12
_b/G514
090 _ E12 BR7909312
110 1 _aComissao de Planejamento Agricola de Rondonia, Porto Velho (Brasil)
_91997
245 1 _aProposta salarial [Comissao de Planejamento Agricola de Rondonia, Brasil]
260 3 _aPorto Velho, RO (Brasil):
_c1979.
300 _a6 p.
650 _aTRABALHO
650 _aINSTITUICAO AGRICOLA
650 _aSALARIO
650 _aRONDONIA
909 _a202309
_bLucia
_c55
_dLucia Elande
942 _cBK
999 _c28995
_d28995